Boletín de las leyes, y decretos del gobierno
Salvato in:
| Natura: | Libro |
|---|---|
| Lingua: | spagnolo |
| Pubblicazione: |
Valparaíso
Mercurio
1868
|
| Soggetti: | |
| Tags: |
Aggiungi Tag
Nessun Tag, puoi essere il primo ad aggiungerne!!
|
MARC
| LEADER | 00000nam a2200000 a 4500 | ||
|---|---|---|---|
| 001 | UCP9278 | ||
| 003 | CL-VaPUC | ||
| 008 | 000324e18680000CL |||||||||||||||||spa|d | ||
| 082 | 0 | 4 | |a 348.022 |b BOL |2 21 |
| 245 | 1 | 0 | |a Boletín de las leyes, y decretos del gobierno |
| 300 | |a v | ||
| 942 | |c BK | ||
| 945 | |d 20000324 00:00:00 |a lriquelm | ||
| 260 | |a Valparaíso |b Mercurio |c 1868 | ||
| 500 | |a Comprende los libros 34 y 35 | ||
| 650 | 7 | |a DERECHO CHILENO SIGLO 19 |2 CL-VaPUC |9 439753 | |
| 650 | 0 | |a Fuentes del derecho |9 255162 | |
| 651 | 7 | |a CHILE |2 CL-VaPUC |9 439754 | |
| 583 | |a last modification |c 20160829 12:04:04 |k Rodrigo Vera | ||
| 999 | |c 286106 |d 286104 | ||
| 952 | |0 0 |1 0 |4 0 |6 348_022000000000000_BOL_1868 |7 0 |8 X |9 331525 |a BIBHIS |b BIBHIS |d 2019-11-20 |h v.14 |i 2841266 |o 348.022 BOL 1868 |p 2841266 |r 2024-01-30 |w 2019-11-20 |y BK_X |k HIS | ||